Elenca la formazione - Quiz n°135 - Statistics

Statistiche generali
  • Questo quiz è stato fatto 70 volte
  • Il punteggio medio è 8 su 11
Statistiche sulle risposte
Ruolo Nazione Calciatore % Corretto
Portiere Slovenia Samir Handanovič
98%
Centrocampista Giappone Yūto Nagatomo
95%
Attaccante Argentina Diego Milito
92%
Centrocampista Argentina Javier Zanetti
81%
Difensore Agentina Walter Samuel
77%
Centrocampista Argentina Esteban Cambiasso
75%
Difensore Italia Andrea Ranocchia
64%
Centrocampista Uruguay Walter Gargano
55%
Attaccante Italia Antonio Cassano
48%
Trequartista Brasile Philippe Coutinho
47%
Difensore Brasile Juan Jesus
45%
Nessun quiz corrispondente trovato
Distribuzione punteggi
Percentuale di utenti per punteggio
Percentile per numero di risposta
I tuoi punteggi nel tempo
Non hai fatto questo quiz